Constituciones del Colegio Mayor San Ildefonso de Alcalá de Henares / (Record no. 176663)

MARC details
000 -LEADER
campo de control de longitud fija 01116nam a22002415i 4500
001 - NÚMERO DE CONTROL
campo de control 176663
003 - IDENTIFICADOR DE NÚMERO DE CONTROL
campo de control ES-MaACL
005 - FECHA Y HORA DE LA ÚLTIMA TRANSACCIÓN
campo de control 20230906220145.0
008 - DATOS DE LONGITUD FIJA--INFORMACIÓN GENERAL
campo de control de longitud fija 110131s1999 sp f |||| | spa d
020 ## - NÚMERO INTERNACIONAL ESTÁNDAR DEL LIBRO
Número Internacional Estándar del Libro 84-451-1583-9
020 ## - NÚMERO INTERNACIONAL ESTÁNDAR DEL LIBRO
Número Internacional Estándar del Libro 84-8138-327-9
080 ## - NÚMERO DE LA CLASIFICACIÓN DECIMAL UNIVERSAL
Número de la Clasificación Decimal Universal 378.094(460.27 Alcalá de Henares)(093)
110 0# - ENTRADA PRINCIPAL--NOMBRE DE ENTIDAD CORPORATIVA
Nombre de entidad corporativa o nombre de jurisdicción como elemento de entrada Colegio Mayor de San Ildefonso (Alcalá de Henares)
9 (RLIN) 2925
245 10 - MENCIÓN DEL TÍTULO
Título Constituciones del Colegio Mayor San Ildefonso de Alcalá de Henares /
Mención de responsabilidad, etc. [María Dolores Cabañas González, edición y coordinación].
260 ## - PUBLICACIÓN, DISTRIBUCIÓN, ETC.
Lugar de publicación, distribución, etc. [Madrid] :
Nombre del editor, distribuidor, etc. Comunidad de Madrid, Consejería de Educación y Cultura ;
Lugar de publicación, distribución, etc. [Alcalá de Henares] :
Nombre del editor, distribuidor, etc. Centro Internacional de Estudios Históricos Cisneros :
-- Ayuntamiento de Alcalá de Henares,
Fecha de publicación, distribución, etc. D. L. 1999.
300 ## - DESCRIPCIÓN FÍSICA
Extensión 2 v. ;
Dimensiones 32 cm.
500 ## - NOTA GENERAL
Nota general Guardados en una caja.
505 80 - NOTA DE CONTENIDO CON FORMATO
Nota de contenido con formato Contiene: [1.] Estudio, transcripción y traducción.- [2. Facsímil]
546 ## - NOTA DE IDIOMA
Nota de lengua/lenguaje Texto en latín y español.
610 04 - PUNTO DE ACCESO ADICIONAL DE MATERIA--NOMBRE DE ENTIDAD CORPORATIVA
Nombre de entidad corporativa o nombre de jurisdicción como elemento de entrada Colegio Mayor de San Ildefonso (Alcalá de Henares)
9 (RLIN) 2925
700 1# - ENTRADA AGREGADA--NOMBRE PERSONAL
Nombre de persona Cabañas González, María Dolores.
9 (RLIN) 144942
852 ## - LOCALIZACIÓN
Ubicación ES-MaACL
Número de control de estantería E-14131-32
Holdings
Estatus retirado Estado de pérdida Estado de daño No para préstamo Biblioteca de origen Biblioteca actual Ubicación en estantería Fecha de adquisición Fuente de adquisición Total de préstamos Signatura topográfica completa Código de barras Visto por última vez Precio de reemplazo Tipo de ítem Koha
        Biblioteca del Ateneo de Madrid Biblioteca del Ateneo de Madrid Depósito 2 31/01/2011     E-14131-32 1185529 23/02/2023 23/02/2023 Libro impreso